| 000 | 00397nam a2200145 a 4500 | ||
|---|---|---|---|
| 001 | 000030994 | ||
| 005 | 20200930062633.0 | ||
| 008 | 110609s1941 ch 000 0 spa d | ||
| 040 |
_aDO-SdBNP _bspa _cBNPHU |
||
| 100 | 1 |
_aRequena, Andrés, _957504 |
|
| 245 | 1 | 0 |
_aCamino de fuego / _cAndrés Requena. |
| 260 |
_aSantiago : _bEdiciones Ercilla, _c1941. |
||
| 300 |
_a177 p. ; _c19 cm. |
||
| 049 | _aBNPD | ||
| 999 |
_c30486 _d30486 |
||